Loading...
Painting & Sculpture | 0 | 8 | 1 | 0 | 75 | 40 | 101.75 | 1 | 2 |
History - American History | 0 | 8 | 1 | 0 | 75 | 82 | 98.38 | 0 | 1 |
Fine Arts - Other Fine Arts | 0 | 7 | 2 | 0 | 60 | 13 | 103.29 | 1 | 1 |
Social Science | 0 | 7 | 2 | 0 | 60 | 50 | 89.43 | 1 | 2 |
Science - Physics | 0 | 7 | 2 | 2 | 60 | 84 | 113.00 | 0 | 0 |
Science - Chemistry | 0 | 6 | 1 | 1 | 55 | 89 | 110.67 | 0 | 0 |
Religion | 0 | 5 | 0 | 0 | 50 | 94 | 115.40 | 0 | 1 |
Science - Other Science | 0 | 5 | 0 | 0 | 50 | 72 | 103.20 | 0 | 0 |
Mythology | 0 | 4 | 0 | 0 | 40 | 69 | 84.75 | 0 | 1 |
History - World History | 0 | 5 | 2 | 0 | 40 | 63 | 111.00 | 0 | 2 |
Current Events | 0 | 4 | 0 | 0 | 40 | 52 | 66.00 | 2 | 3 |
Literature - British Literature | 0 | 3 | 0 | 1 | 30 | 119 | 131.33 | 0 | 0 |
Literature - European Literature | 0 | 3 | 0 | 0 | 30 | 113 | 133.33 | 0 | 0 |
Science - Biology | 0 | 4 | 2 | 1 | 30 | 100 | 116.50 | 0 | 0 |
Other Academic | 0 | 3 | 1 | 0 | 25 | 19 | 54.33 | 2 | 2 |
Literature - World Literature | 0 | 2 | 0 | 0 | 20 | 106 | 130.00 | 0 | 0 |
Literature - American Literature | 0 | 2 | 0 | 0 | 20 | 99 | 114.50 | 0 | 1 |
Any History | 0 | 4 | 4 | 0 | 20 | 63 | 76.50 | 0 | 1 |
Philosophy | 0 | 3 | 3 | 1 | 15 | 101 | 113.67 | 0 | 0 |
History - European History | 0 | 2 | 1 | 1 | 15 | 118 | 124.00 | 0 | 0 |
Geography | 0 | 1 | 1 | 0 | 5 | 80 | 80.00 | 0 | 0 |